000
00310nam a2200133Ia 4500
100
_a
Kerzer/ Harold
942
_c
RB
654
_a
project
245
_a
Project Management : Systems Approach to Planning
260
_b
C.B.S Publishers
_c
2002
082
_a
658.404
_b
KER
300
_a
937
546
_a
ENGLISH
999
_c
20870
_d
20870